1492 1436 1090 1416 1096 1238 1420 1573 1094 1721 1457 1419 1056 1701 1846 1017 1960 1629 1325 1810 1324 1587 1608 1774 1090 1212 1809 1674 1424 1216 1313 1608 1688 1323 1281 1434 1181 1350 1180 1491 1619 1819 1335 1293 1868 1029 1743 1455 1874 1443 1912 1761 1899 1882 1236 1351 1076 1282 1663 1172 1084 1712 1840 1258 1945 1869 1580 1949 1742 1558 1202 1833 1078 1692 1690 1272 1065 1602 1151 1619 1562 1953 1117 1620 1731 1837 1087 1212 1783 1908 1767 1247 1164 1738 1711 1411 1844 1415 1264 BCNSPRNW ULIB Ver.6.0+V

เปลี่ยนเป็นภาษาไทย

Change to English
 แสดงรายละเอียดบรรณานุกรม
  กลับหน้าหลัก

Brief Record : Get Marc (ISO 2709) : E-mail record : QR code < ปิดหน้าต่าง
LEADER : 00000nam 2200000uu 4500
001    13399127532
003     ULIB
008    210114s2561||||th 000 0 tha d
020    ^a9786163983046
060    ^aWY159^bพ236ก
100    ^aพิมพาภรณ์ กลั่นกลิ่น
245    ^aการพยาบาลเด็กเพื่อการสร้างเสริมสุขภาพ
250    ^aพิมพ์ครั้งที่ 2
260    ^a เชียงใหม่ :^bคณะพยาบาลศาสตร์ มหาวิทยาลัยเชียงใหม่.,^c2561
300    ^a239 หน้า :^bภาพประกอบ, ตาราง ;^c26 ซม.
650    ^aการพยาบาลเด็ก
650    ^aการสร้างเสริมสุขภาพ
710    ^aมหาวิทยาลัยเชียงใหม่. โครงการตำราคณะพยาบาลศาสตร์
945    ^p200^l0^i007361
945    ^p200^l0^i007362
945    ^p200^l0^i007363
945    ^p200^l0^i007364
945    ^p200^l0^i007365
945    ^p200^l0^i007366
945    ^p200^l0^i007367
945    ^p200^l0^i007368
945    ^p200^l0^i007369
945    ^p200^l0^i007370
999    ^aประนอม เกษจรัล
รายการนี้ยังไม่มีแท็ก
คุณยังไม่ได้ล็อกอิน คุณสามารถมีกิจกรรมร่วมกับเว็บไซต์ได้ แต่ต้องล็อกอินก่อน ::
  ล็อกอิน

รายการสื่อสารสนเทศ

ลำดับที่ ประเภท เลขเรียก/บาร์โค้ด สถานที่ สถานะ
1. Book การพยาบาล
หนังสือสำรอง
สถานะ=หนังสือสำรอง
WY159 พ236ก ฉ.1 
  Barcode: 007361
ห้องสมุดวิทยาเขตสวรรค์ประชารักษ์
►หนังสือทั่วไป
บนชั้น
2. Book การพยาบาล
Book การพยาบาล
WY159 พ236ก ฉ.10 
  Barcode: 007370
ห้องสมุดวิทยาเขตสวรรค์ประชารักษ์
►หนังสือทั่วไป
บนชั้น
3. Book การพยาบาล
Book การพยาบาล
WY159 พ236ก ฉ.2 
  Barcode: 007362
ห้องสมุดวิทยาเขตสวรรค์ประชารักษ์
►หนังสือทั่วไป
บนชั้น
4. Book การพยาบาล
Book การพยาบาล
WY159 พ236ก ฉ.3 
  Barcode: 007363
ห้องสมุดวิทยาเขตสวรรค์ประชารักษ์
►หนังสือทั่วไป
บนชั้น
5. Book การพยาบาล
Book การพยาบาล
WY159 พ236ก ฉ.4 
  Barcode: 007364
ห้องสมุดวิทยาเขตสวรรค์ประชารักษ์
►หนังสือทั่วไป
บนชั้น
6. Book การพยาบาล
Book การพยาบาล
WY159 พ236ก ฉ.5 
  Barcode: 007365
ห้องสมุดวิทยาเขตสวรรค์ประชารักษ์
►หนังสือทั่วไป
บนชั้น
7. Book การพยาบาล
Book การพยาบาล
WY159 พ236ก ฉ.6 
  Barcode: 007366
ห้องสมุดวิทยาเขตสวรรค์ประชารักษ์
►หนังสือทั่วไป
บนชั้น
8. Book การพยาบาล
Book การพยาบาล
WY159 พ236ก ฉ.7 
  Barcode: 007367
ห้องสมุดวิทยาเขตสวรรค์ประชารักษ์
►หนังสือทั่วไป
บนชั้น
9. Book การพยาบาล
Book การพยาบาล
WY159 พ236ก ฉ.8 
  Barcode: 007368
ห้องสมุดวิทยาเขตสวรรค์ประชารักษ์
►หนังสือทั่วไป
บนชั้น
10. Book การพยาบาล
Book การพยาบาล
WY159 พ236ก ฉ.9 
  Barcode: 007369
ห้องสมุดวิทยาเขตสวรรค์ประชารักษ์
►หนังสือทั่วไป
บนชั้น

รายการใกล้เคียง
    ชื่อเรื่อง [การพยาบาลเด็กเพื่อการสร้างเสริมสุขภาพ]

    ผู้แต่ง [พิมพาภรณ์ กลั่นกลิ่น]

    หัวเรื่อง [การพยาบาลเด็ก]
    หัวเรื่อง [การสร้างเสริมสุขภาพ]

BibComment


ยังไม่เคยถูกคอมเมนท์

คอมเมนท์ทรัพยากรรายการนี้
  คอมเมนท์: การพยาบาลเด็กเพื..


 Copyright 2026. Bcnsprnw @Library